Central Library OPAC University of Rajshahi

বৃহত্তর রাজশাহী জেলার লোকশিল্প = Folk Art of the Greater Rajshahi District : (Record no. 78203)

MARC details
000 -LEADER
fixed length control field 01791nam a2200265 a 4500
001 - CONTROL NUMBER
control field 78203
003 - CONTROL NUMBER IDENTIFIER
rucl marc code BD-RjUL
005 - DATE AND TIME OF LATEST TRANSACTION
control field 20211209083113.0
008 - FIXED-LENGTH DATA ELEMENTS--GENERAL INFORMATION
fixed length control field 210413s2015 bg a|||| m||| 00| 0 ben d
035 ## - SYSTEM CONTROL NUMBER
System control number (BD-RjUL)78429
040 ## - CATALOGING SOURCE
Original cataloging agency BD-RjUL
Language of cataloging ben / eng
Transcribing agency BD-RjUL
Modifying agency BD-RjUL
041 ## - LANGUAGE CODE
Language code of text/sound track or separate title ben
082 ## - DEWEY DECIMAL CLASSIFICATION NUMBER
Classification number 398.0954924
Author mark and year MAB 2015
Edition number 23
100 ## - MAIN ENTRY--PERSONAL NAME
Personal name মাসাদুজ্জামান, মো.
9 (RLIN) 246967
245 ## - TITLE STATEMENT
Title বৃহত্তর রাজশাহী জেলার লোকশিল্প = Folk Art of the Greater Rajshahi District :
Remainder of title একটি আর্থ-সামাজিক সমীক্ষা = An Eco-Sociological Investigation /
Statement of responsibility, etc. মো. মাসাদুজ্জামান
Linkage তত্ত্বাবধায়ক : সাইফুদ্দীন চৌধুরী
246 ## - VARYING FORM OF TITLE
Title proper/short title Folk Art of the Greater Rajshahi District:
Remainder of title An Eco-Sociological Investigation
260 ## - PUBLICATION, DISTRIBUTION, ETC. (IMPRINT)
Place of publication, distribution, etc. রাজশাহী :
Name of publisher, distributor, etc. ফোকলোর বিভাগ, রাজশাহী বিশ্ববিদ্যালয়,
Date of publication, distribution, etc. ২০১৫
300 ## - PHYSICAL DESCRIPTION
Pagination viii, ২৫৭ পাতা :
Illustrations চিত্র ;
Size ৩০ সেমি.
502 ## - DISSERTATION NOTE
Dissertation note থিসিস (পিএইচ. ডি.) -- ফোকলোর বিভাগ, রাজশাহী বিশ্ববিদ্যালয়, ২০১৫
504 ## - BIBLIOGRAPHY, ETC. NOTE
Bibliography, etc সহায়ক গ্রন্থসমূহ : পাতা [২১৩] - ২২২
650 ## - SUBJECT ADDED ENTRY--TOPICAL TERM
Topical term or geographic name as entry element লোকশিল্প
General subdivision ইতিহাস
9 (RLIN) 246968
Geographic subdivision বাংলাদেশ
-- বৃহত্তর রাজশাহী জেলা
Topical term or geographic name as entry element Folk Art
General subdivision History
Geographic subdivision Bangladesh
-- Greater Rajshahi District
9 (RLIN) 246969
700 ## - ADDED ENTRY--PERSONAL NAME
Personal name চৌধুরী, সাইফুদ্দীন, তত্ত্বাবধায়ক
942 ## - ADDED ENTRY ELEMENTS (KOHA)
Source of classification or shelving scheme Dewey Decimal Classification
Koha item type Theses
Holdings
Lost status Source of classification or shelving scheme Damaged status Not for loan Collection code Permanent Location Current Location Shelving location Date acquired Source of acquisition Total Checkouts Full call number Date last seen Copy number Koha item type
  Dewey Decimal Classification   Not For Loan Theses Central Library, University of Rajshahi Central Library, University of Rajshahi Documentation Section 09/04/2016 Controller of Exam., R.U.   BTHE 398.0954924 MAB 2015 13/04/2021 C-1 Theses